[Event "Karel Opocensky Memorial (13. Prague Festival)"]
[Site "Praha"]
[Date "2017.07.01"]
[Round "1.1"]
[White "Tymrakiewicz, Rafal"]
[Black "Hrabusa, Matej"]
[Result "0-1"]
[WhiteElo "2256"]
[BlackElo "2343"]
[Annotator ""]
[Source ""]
[Remark ""]

1.d4 d5 2.Bf4 c5 3.e3 Nc6 4.Nf3 Nf6 5.c3 Qb6 6.Qb3 c4 7.Qc2 Bf5
8.Qc1 e6 9.h3 Be7 10.Nbd2 Qd8 11.Be2 h6 12.Bd1 b5 13.a3 a5 14.Bc2
O-O 15.Qb1 Bxc2 16.Qxc2 Bd6 17.O-O Re8 18.Rfe1 Bxf4 19.exf4 b4
20.Ne5 Ne7 21.g4 Nd7 22.Re3 Nf8 23.Rae1 Qd6 24.f5 bxa3 25.fxe6
fxe6 26.bxa3 Qxa3 27.f4 Rab8 28.f5 Rb2 29.Qc1 Qa2 30.Ndf3 Reb8
31.Qd1 Rg2+ 32.Kh1 Rbb2 0-1

[Event "Karel Opocensky Memorial (13. Prague Festival)"]
[Site "Praha"]
[Date "2017.07.01"]
[Round "1.2"]
[White "Plischki, Sebastian"]
[Black "Frolov, Artur"]
[Result "1/2-1/2"]
[WhiteElo "2376"]
[BlackElo "2410"]
[Annotator ""]
[Source ""]
[Remark ""]

1.d4 Nf6 2.c4 g6 3.Nf3 Bg7 4.g3 O-O 5.Bg2 c6 6.Nc3 d5 7.cxd5
cxd5 8.Ne5 e6 9.O-O Nfd7 10.Nf3 Nc6 11.Bf4 Nf6 12.Ne5 Nd7 13.Nf3
Nf6 1/2-1/2

[Event "Karel Opocensky Memorial (13. Prague Festival)"]
[Site "Praha"]
[Date "2017.07.01"]
[Round "1.3"]
[White "Londyn, Radek"]
[Black "Sharashenidze, Akaki"]
[Result "1/2-1/2"]
[WhiteElo "2431"]
[BlackElo "2363"]
[Annotator ""]
[Source ""]
[Remark ""]

1.e4 d6 2.d4 Nf6 3.Nc3 e5 4.Nf3 Nbd7 5.Bc4 Be7 6.O-O O-O 7.Re1
c6 8.a4 a5 9.h3 exd4 10.Nxd4 Nc5 11.Bf4 Re8 12.Qf3 Bf8 13.Rad1
Ne6 14.Be3 Nxd4 15.Bxd4 Be6 16.Bf1 Nd7 17.Qg3 f6 18.b3 Bf7 19.Kh1
Ne5 20.Be3 Ng6 21.Kg1 Qe7 22.f4 Qc7 23.Qf2 d5 24.f5 Ne7 25.Bf4
Qc8 26.g4 dxe4 27.Nxe4 Nd5 28.Bg3 Rxe4 29.Rxe4 Nc3 30.Ree1 Nxd1
31.Rxd1 h5 32.Qd4 hxg4 33.hxg4 Qe8 34.Bc4 b5 35.Re1 Rd8 36.Qa7
Qd7 37.Qxd7 Rxd7 38.axb5 cxb5 39.Bxb5 Rd4 40.Be2 Rd2 41.Bd3 Bxb3
42.Re8 Kf7 43.Rc8 Bd5 44.Rd8 Rg2+ 45.Kf1 Rxg3 46.Rxd5 Bb4 47.Rd7+
Kf8 48.Rd4 Re3 49.Rc4 Re7 50.Kf2 Bd6 51.Rc6 Be5 52.Bb5 Rc7 53.Rxc7
Bxc7 54.Ke3 Ke7 55.Kd4 Kd6 56.Kc4 Bb6 57.Ba4 Be3 58.Kb5 Bd2 59.c4
Kc7 60.Kc5 Be3+ 61.Kd5 Bf4 62.c5 Be3 63.c6 Bf4 64.Ke6 Bh6 65.Kf7
Kd6 66.Kg6 Kc7 67.Kf7 1/2-1/2

[Event "Karel Opocensky Memorial (13. Prague Festival)"]
[Site "Praha"]
[Date "2017.07.01"]
[Round "1.4"]
[White "Rous, Daniel"]
[Black "Plat, Vojtech"]
[Result "1/2-1/2"]
[WhiteElo "2220"]
[BlackElo "2531"]
[Annotator ""]
[Source ""]
[Remark ""]

1.d4 Nf6 2.Nf3 g6 3.c4 Bg7 4.Nc3 d5 5.Bg5 Ne4 6.cxd5 Nxg5 7.Nxg5
e6 8.Qd2 exd5 9.Qe3+ Kf8 10.Qf4 Bf6 11.Nf3 Kg7 12.h4 h6 13.e3
c5 14.Bd3 cxd4 15.Nxd4 Nc6 16.O-O-O Nxd4 17.exd4 Be6 18.Kb1 Qb6
19.Bc2 Rac8 20.Bb3 Rxc3 21.bxc3 a5 22.Ka1 a4 23.Bc2 Rc8 24.Qe3
Qa5 25.Rd3 Bf5 26.Rhd1 Bxd3 27.Rxd3 b5 28.a3 Bxh4 29.Kb2 Bf6
30.Qf4 b4 31.axb4 a3+ 32.Ka2 Qa6 33.Qd2 Re8 34.g3 h5 35.Re3 Rc8
36.Qd3 Qc6 37.Bb3 h4 38.gxh4 Rh8 39.Rh3 Qe6 40.Qe3 Bxh4 41.Qxe6
fxe6 42.f4 Be1 43.Re3 Bd2 44.Rxe6 Bxc3 45.Kxa3 Ra8+ 46.Ba4 Bxd4
47.Kb3 Rf8 48.Be8 Rxf4 49.Rxg6+ Kf8 50.Bc6 Rf6 1/2-1/2

[Event "Karel Opocensky Memorial (13. Prague Festival)"]
[Site "Praha"]
[Date "2017.07.01"]
[Round "1.5"]
[White "Teh Eu Wen, Aron"]
[Black "Havelka, Josef"]
[Result "1/2-1/2"]
[WhiteElo "2276"]
[BlackElo "2326"]
[Annotator ""]
[Source ""]
[Remark ""]

1.d4 Nf6 2.c4 g6 3.Nc3 Bg7 4.e4 d6 5.Be2 O-O 6.Bg5 Na6 7.Qd2
e5 8.d5 Qe8 9.Bd1 Nc5 10.Bc2 a5 11.Nge2 Bd7 12.O-O Nh5 13.Be3
b6 14.Rae1 a4 15.f3 f5 16.exf5 gxf5 17.Rb1 f4 18.Bf2 Bf5 19.Bxf5
Rxf5 20.Qc2 Rg5 21.Bh4 Rg6 22.b4 axb3 23.axb3 Qd7 24.Kh1 e4 25.Nxe4
Nxe4 26.Qxe4 Re8 27.Qc2 Be5 28.Qd2 Qg7 29.Rg1 Kh8 30.Rbd1 Qh6
31.g4 fxg3 32.Qxh6 Rxh6 33.Bxg3 Nxg3+ 34.Nxg3 Ra8 35.Rg2 Ra3
36.f4 Bxf4 37.Rf1 Be5 38.Rf8+ Kg7 39.Rc8 Kf6 40.Rf2+ Kg5 41.Kg2
Bxg3 42.hxg3 Rxb3 43.Rxc7 b5 44.c5 dxc5 45.Rxc5 Rd6 1/2-1/2

[Event "Karel Opocensky Memorial (13. Prague Festival)"]
[Site "Praha"]
[Date "2017.07.02"]
[Round "2.1"]
[White "Hrabusa, Matej"]
[Black "Havelka, Josef"]
[Result "1/2-1/2"]
[WhiteElo "2335"]
[BlackElo "2326"]
[Annotator ""]
[Source ""]
[Remark ""]

1.d4 Nf6 2.Bf4 g6 3.Nc3 d5 4.e3 Bg7 5.h4 h5 6.Nb5 Na6 7.Nf3 Bf5
8.Ne5 c6 9.Nc3 Qa5 10.Qd2 O-O 11.Bd3 Bxd3 12.cxd3 c5 13.Ne2 Qxd2+
14.Kxd2 Rfd8 15.Rac1 cxd4 16.exd4 Ne8 17.a3 f6 18.Nf3 Nb8 19.Rhg1
Nc6 20.g4 e5 21.dxe5 fxe5 22.Bg5 hxg4 23.Nh2 Nf6 24.Nxg4 Rf8
25.Nxf6+ Bxf6 26.Bh6 Rf7 27.h5 Rh7 28.Rxg6+ Kf7 29.Bg5 Bh8 30.Rh6
Rxh6 31.Bxh6 Bf6 32.f4 Rh8 33.fxe5 Bxe5 34.Bf4 Rxh5 35.Bxe5 Rxe5
36.Rh1 Ke8 37.Rh7 Re7 38.Rh8+ Kd7 39.Nc3 Re5 40.Rh7+ Ne7 1/2-1/2

[Event "Karel Opocensky Memorial (13. Prague Festival)"]
[Site "Praha"]
[Date "2017.07.02"]
[Round "2.2"]
[White "Plat, Vojtech"]
[Black "Teh Eu Wen, Aron"]
[Result "1-0"]
[WhiteElo "2531"]
[BlackElo "2276"]
[Annotator ""]
[Source ""]
[Remark ""]

1.e4 e5 2.Nf3 Nc6 3.Bc4 Bc5 4.b4 Bxb4 5.c3 Ba5 6.O-O d6 7.Qb3
Qd7 8.d4 Bb6 9.dxe5 Na5 10.Qb4 Nc6 11.Qb3 Na5 12.Qb5 Nxc4 13.Qxc4
dxe5 14.Nxe5 Qe6 15.Qa4+ Bd7 16.Nxd7 Qxd7 17.Qxd7+ Kxd7 18.Bg5
Re8 19.Nd2 h6 20.Bh4 g5 21.Bg3 Nf6 22.Rfe1 Nh5 23.a4 Nxg3 24.hxg3
Re5 25.Nb3 Rhe8 26.Kf1 a6 27.f3 Kc8 28.Rad1 Rd8 29.Rxd8+ Kxd8
30.Ke2 Re6 31.c4 Ba7 32.c5 Kc8 33.Rc1 c6 34.Kd3 Bb8 35.Nd4 Re8
36.Nf5 Rd8+ 37.Ke2 a5 38.g4 Be5 39.Nxh6 Rd4 40.Nxf7 Bf4 41.Rh1
Rxa4 42.Nd6+ Kd7 43.Rh7+ Ke6 44.Nxb7 Ra2+ 45.Kd3 a4 46.Nd8+ Kf6
47.Nxc6 a3 48.Ra7 Ra1 49.Nb4 Rd1+ 50.Kc4 Rc1+ 51.Kd5 Rxc5+ 52.Kd4
Bd6 53.Ra6 Ke6 54.Nd3 1-0

[Event "Karel Opocensky Memorial (13. Prague Festival)"]
[Site "Praha"]
[Date "2017.07.02"]
[Round "2.3"]
[White "Sharashenidze, Akaki"]
[Black "Rous, Daniel"]
[Result "1-0"]
[WhiteElo "2363"]
[BlackElo "2220"]
[Annotator ""]
[Source ""]
[Remark ""]

1.e4 c5 2.Nf3 d6 3.Bb5+ Nd7 4.O-O Ngf6 5.Re1 a6 6.Bf1 g6 7.c3
Bg7 8.d4 e5 9.a4 Qc7 10.dxe5 dxe5 11.Na3 O-O 12.Nc4 Rd8 13.Qd6
Ne8 14.Qxc7 Nxc7 15.Rd1 Ne6 16.Ng5 Ndf8 17.Nd6 f6 18.Ngf7 Rd7
19.Nh6+ Bxh6 20.Bxh6 Rb8 21.Bc4 b5 22.axb5 axb5 23.Nxb5 Kf7 24.Nd6+
Ke7 25.Nxc8+ Rxc8 26.Bd5 Nc7 27.Be3 Nfe6 28.Ra5 Rb8 29.Rd2 f5
30.f3 f4 31.Bxc5+ Nxc5 32.Rxc5 Rb6 33.Ra5 Ne6 34.Kf1 g5 35.h3
h5 36.Ke1 Rbd6 37.b4 g4 38.hxg4 hxg4 39.fxg4 Ng5 40.Rda2 Rh6
41.Ra7 Rh1+ 42.Kf2 Kd8 43.Rxd7+ Kxd7 44.Ra7+ Ke8 45.Rg7 1-0

[Event "Karel Opocensky Memorial (13. Prague Festival)"]
[Site "Praha"]
[Date "2017.07.02"]
[Round "2.4"]
[White "Frolov, Artur"]
[Black "Londyn, Radek"]
[Result "1-0"]
[WhiteElo "2410"]
[BlackElo "2431"]
[Annotator ""]
[Source ""]
[Remark ""]

1.e4 Nf6 2.e5 Nd5 3.d4 d6 4.Nf3 dxe5 5.Nxe5 c6 6.c4 Nb4 7.Be3
Bf5 8.Bd3 Nxd3+ 9.Nxd3 g6 10.Nc3 Bg7 11.Nc5 Nd7 12.Nxd7 Qxd7
13.Qd2 O-O 14.O-O b5 15.cxb5 cxb5 16.Rac1 Rfd8 17.Rfd1 b4 18.Ne2
a5 19.f3 Rac8 20.Rxc8 Rxc8 21.Rc1 h5 22.Rxc8+ Qxc8 23.a3 Qc4
24.axb4 axb4 25.Kf2 Kh7 26.Ng3 Bd3 27.Ne4 Bxe4 28.fxe4 b3 29.Qe2
Qc7 30.h3 Qb7 31.Qd3 e6 32.g4 Qb8 33.Kg2 h4 34.Bf2 Bf6 35.Be1
Qd6 36.Qf3 Bg7 37.Bc3 Kg8 38.e5 Qc7 39.Qa8+ Kh7 40.Qf3 Qd7 41.Qf2
Qd5+ 42.Kh2 Qe4 43.Qxh4+ Bh6 44.Kg1 Qf3 45.Be1 Kg7 46.Qf6+ Qxf6
47.exf6+ Kxf6 48.Kf2 Bc1 49.Bc3 Ke7 50.h4 Kd6 51.Ke2 Kd5 52.Kd3
f5 53.h5 fxg4 54.hxg6 Bh6 55.Be1 Bg7 56.Kc3 Bxd4+ 57.Kxb3 Ke5 1-0

[Event "Karel Opocensky Memorial (13. Prague Festival)"]
[Site "Praha"]
[Date "2017.07.02"]
[Round "2.5"]
[White "Tymrakiewicz, Rafal"]
[Black "Plischki, Sebastian"]
[Result "0-1"]
[WhiteElo "2256"]
[BlackElo "2376"]
[Annotator ""]
[Source ""]
[Remark ""]

1.d4 d5 2.Nf3 Nf6 3.e3 g6 4.c4 Bg7 5.Nc3 O-O 6.cxd5 Nxd5 7.Be2
c5 8.Qb3 Nxc3 9.bxc3 b6 10.Ba3 Nc6 11.O-O Na5 12.Qa4 Bd7 13.Bb5
Bxb5 14.Qxb5 Qe8 15.Rab1 Qxb5 16.Rxb5 Nc4 17.Bc1 Rfc8 18.Rd1
a6 19.Rb1 b5 20.a4 cxd4 21.cxd4 bxa4 22.Ra1 Rab8 23.Kf1 e6 24.Ke2
Rb4 25.Ne1 Bf8 26.Nd3 Rb5 27.Rxa4 a5 28.Ra2 Ra8 29.Nb2 Nb6 30.Na4
Nxa4 31.Rxa4 Rb4 32.Rxb4 axb4 33.Bd2 f5 34.Rb1 Ra2 35.Ke1 Ra4
36.Ke2 Ra2 37.Ke1 Ra4 38.h4 Kf7 39.Ke2 e5 40.dxe5 Ke6 41.Rc1
Kxe5 42.Rc7 h5 43.Kd3 Kd5 44.Rb7 Ra3+ 45.Kc2 Kc4 46.Bc1 b3+ 47.Kb1
Ra6 48.Bb2 Bd6 49.Bd4 f4 50.Rg7 fxe3 51.fxe3 Bg3 52.Kb2 Re6 53.Rg8
Bxh4 54.Rc8+ Kd3 55.Kxb3 Be1 56.Bc5 Bd2 57.Rd8+ Ke2 58.Kc4 Bxe3
59.Kd5 Bg5 60.Rg8 Rf6 61.Bd4 Ra6 62.Bc5 Bf4 63.Ke4 Ra4+ 64.Kd5
Ra6 65.Re8+ Kd3 66.g3 Bd2 67.Bd6 Ra5+ 68.Ke6 Bc3 69.Rc8 Bd4 70.Rc1
Ke3 71.Rd1 Bh8 72.Kf7 g5 73.Kg6 g4 74.Bf4+ Kf3 75.Rd8 Be5 76.Rd3+
Kf2 77.Kxh5 Bxf4+ 78.Kxg4 Be3 79.Rd7 Rg5+ 80.Kh4 Rxg3 81.Kh5
Kf3 82.Rb7 Rg5+ 83.Kh4 Rg6 84.Rh7 Bf4 85.Kh5 Rg5+ 86.Kh6 Ke4
87.Rf7 Rg2+ 88.Kh7 Be5 89.Rf1 Kd5 90.Kh6 Ke6 91.Kh5 Bf6 92.Rb1
Rg5+ 93.Kh6 Rg8 94.Rb6+ Kf5 95.Rb5+ Be5 96.Rb7 Rg2 97.Kh7 Rh2+
98.Kg8 Rh8+ 99.Kf7 Rh7+ 0-1

[Event "Karel Opocensky Memorial (13. Prague Festival)"]
[Site "Praha"]
[Date "2017.07.03"]
[Round "3.1"]
[White "Plischki, Sebastian"]
[Black "Hrabusa, Matej"]
[Result "1/2-1/2"]
[WhiteElo "2376"]
[BlackElo "2335"]
[Annotator ""]
[Source ""]
[Remark ""]

1.d4 d5 2.c4 e6 3.Nf3 c6 4.e3 f5 5.Bd3 Nf6 6.O-O Bd6 7.b3 Qe7
8.Bb2 b6 9.Qc1 Bb7 10.Ba3 Bxa3 11.Nxa3 Nbd7 12.cxd5 Nxd5 13.Nc4
O-O 14.Qa3 c5 15.Rac1 Rf6 16.Nce5 Nxe5 17.Nxe5 Rh6 18.Ba6 Nf4
19.exf4 Qh4 20.f3 Qxh2+ 21.Kf2 Qxf4 22.Rcd1 cxd4 23.Rfe1 Rc8
24.Bc4 Rc5 25.Qxa7 Qh4+ 26.Kf1 Qh1+ 27.Kf2 Qh4+ 1/2-1/2

[Event "Karel Opocensky Memorial (13. Prague Festival)"]
[Site "Praha"]
[Date "2017.07.03"]
[Round "3.2"]
[White "Londyn, Radek"]
[Black "Tymrakiewicz, Rafal"]
[Result "1-0"]
[WhiteElo "2431"]
[BlackElo "2256"]
[Annotator ""]
[Source ""]
[Remark ""]

1.e4 Nf6 2.e5 Nd5 3.d4 d6 4.Nf3 g6 5.Bc4 Nb6 6.Bb3 d5 7.h3 Bg7
8.O-O Nc6 9.Nc3 Na5 10.Bf4 Nac4 11.Qc1 h6 12.a4 Na5 13.Ba2 Be6
14.b4 Nc6 15.b5 Na5 16.Ne1 Nbc4 17.Nd3 b6 18.Re1 Qd7 19.Nb4 g5
20.Bg3 h5 21.Qxg5 Bh6 22.Qxh5 O-O-O 23.Qf3 Nd2 24.Qe2 Bxh3 25.Bxd5
Bg4 26.e6 fxe6 27.Qxg4 exd5 28.Qxd7+ Rxd7 29.Ncxd5 e6 30.Rxe6
Rdh7 31.Nf6 Rg7 32.Rae1 Kb7 33.Re8 Rxe8 34.Rxe8 a6 35.bxa6+ Ka7
36.Rc8 Rxg3 37.fxg3 Be3+ 38.Kh2 c5 39.Rc7+ Kb8 40.a7+ Ka8 41.Nfd5
Ndc4 42.Nxe3 Nxe3 43.dxc5 bxc5 44.Nc6 1-0

[Event "Karel Opocensky Memorial (13. Prague Festival)"]
[Site "Praha"]
[Date "2017.07.03"]
[Round "3.3"]
[White "Rous, Daniel"]
[Black "Frolov, Artur"]
[Result "1-0"]
[WhiteElo "2220"]
[BlackElo "2410"]
[Annotator ""]
[Source ""]
[Remark ""]

1.d4 Nf6 2.c4 g6 3.Nc3 Bg7 4.e4 d6 5.Bd3 e5 6.d5 c5 7.Nge2 O-O
8.h3 Na6 9.Bg5 h6 10.Be3 Nc7 11.Qd2 Kh7 12.g4 a6 13.a4 b6 14.Ng3
Ng8 15.f3 Bd7 16.b3 Bf6 17.Bf2 Bh4 18.Nd1 b5 19.a5 Qf6 20.Qe2
Rfb8 21.Ne3 bxc4 22.bxc4 Qd8 23.Ng2 Be7 24.h4 Rb3 25.Bc2 Rb2
26.Be3 Rab8 27.Bc1 R2b7 28.Bd2 Ne8 29.g5 h5 30.Bc3 f6 31.f4 Bg4
32.Qf2 Rb3 33.Bxb3 Rxb3 34.Qc2 Rxc3 35.Qxc3 exf4 36.Nxf4 fxg5
37.hxg5 Bxg5 38.Nd3 Be3 39.Rb1 Qe7 40.Nf2 Bd4 41.Qd3 Nh6 42.Ne2
Bxe2 43.Qxe2 Nf6 44.e5 Bxf2+ 45.Kxf2 Nfg4+ 46.Ke1 Nxe5 47.Kd2
Nf5 48.Rh3 Nd4 49.Rxh5+ Kg7 50.Rxe5 dxe5 51.Qg4 Qf7 52.Ke1 Nc2+
53.Kd2 Nd4 54.Ke1 Nc2+ 55.Ke2 Nd4+ 56.Ke3 Nf5+ 57.Kd3 Nd6 58.Ke2
e4 59.Qg3 Nf5 60.Qe5+ Kh6 61.Rh1+ Kg5 62.Rg1+ Kh5 63.Qh8+ Nh6
64.Qe5+ Nf5 65.Qxe4 Qf6 66.Rh1+ Kg5 67.Qg2+ Kf4 68.Qf1+ Ke5 69.Kd3
Qg7 70.Qa1+ Nd4 71.Qe1+ Kd6 72.Qg3+ Kd7 73.Rb1 Nb5 74.Qg4+ 1-0

[Event "Karel Opocensky Memorial (13. Prague Festival)"]
[Site "Praha"]
[Date "2017.07.03"]
[Round "3.4"]
[White "Teh Eu Wen, Aron"]
[Black "Sharashenidze, Akaki"]
[Result "1/2-1/2"]
[WhiteElo "2276"]
[BlackElo "2363"]
[Annotator ""]
[Source ""]
[Remark ""]

1.d4 d5 2.c4 c6 3.cxd5 cxd5 4.Nc3 Nf6 5.Bf4 e6 6.e3 a6 7.Bd3
Be7 8.Nf3 O-O 9.Rc1 b5 10.O-O Bb7 11.Ne5 g6 12.Qf3 Nbd7 13.Nxd7
Nxd7 14.a4 bxa4 15.Nxa4 Rc8 16.Qe2 Rxc1 17.Rxc1 Qa8 18.Qd1 Rc8
19.Ra1 Bb4 20.h4 a5 21.Qe2 Bc6 22.b3 Re8 23.h5 e5 24.dxe5 Nxe5
25.hxg6 hxg6 26.Bb5 Qb7 27.Bxc6 Qxc6 28.Rd1 f6 29.Nb2 g5 30.Bg3
Kg7 31.Nd3 Bd6 32.Nxe5 Bxe5 33.Bxe5 Rxe5 34.Qd2 Qb5 35.Qc2 Re4
36.Ra1 Rb4 37.Qc7+ Kg6 38.Qc2+ Kg7 39.Qc7+ Kg6 40.Qxa5 Rxb3 41.Qe1
Rb2 42.Rd1 Qb3 43.Qf1 Kf7 44.Qd3 Qxd3 45.Rxd3 Ke6 46.Rd4 Ke5
47.Kf1 f5 48.f4+ gxf4 49.Rxf4 Rc2 50.g4 fxg4 51.Rxg4 Kd6 52.Ke1
Kc5 53.Kd1 Rh2 54.Rd4 Rb2 55.Rd2 Rxd2+ 56.Kxd2 d4 57.exd4+ Kxd4 1/2-1/2

[Event "Karel Opocensky Memorial (13. Prague Festival)"]
[Site "Praha"]
[Date "2017.07.03"]
[Round "3.5"]
[White "Havelka, Josef"]
[Black "Plat, Vojtech"]
[Result "0-1"]
[WhiteElo "2326"]
[BlackElo "2531"]
[Annotator ""]
[Source ""]
[Remark ""]

1.e4 c5 2.Nf3 Nc6 3.d4 cxd4 4.Nxd4 e6 5.Nc3 d6 6.Be3 Nf6 7.Be2
Be7 8.O-O O-O 9.f4 a6 10.Kh1 Bd7 11.a4 Nxd4 12.Qxd4 Bc6 13.Rad1
d5 14.e5 Ne4 15.Nxe4 dxe4 16.Qc3 Qe8 17.b3 b5 18.a5 Rc8 19.Qe1
Rd8 20.Rxd8 Qxd8 21.c4 Qa8 22.c5 Rd8 23.b4 f5 24.exf6 Bxf6 25.Qc1
Rd7 26.Bg4 Qe8 27.Rd1 Rd3 28.Rxd3 exd3 29.Qd2 Qd7 30.Kg1 Kf7
31.Bd1 Ke7 32.Bb3 Be4 33.Qa2 Qc6 34.Qf2 Qd7 35.Kf1 Bd5 36.Bd1
Kd8 37.Ke1 Be4 38.Bb3 g6 39.Bd2 Bd4 40.Qh4+ Kc7 41.Qh3 Bf5 42.Qf3
Qc6 43.Qxc6+ Kxc6 44.Bc1 h5 45.h3 e5 46.fxe5 Bxe5 47.Be3 Bg3+
48.Kd2 Be4 49.Bf7 Kd7 50.Bg5 h4 51.Ke3 Bxg2 52.Bxg6 Bxh3 53.Bxd3
Bg2 54.Bf5+ Kc6 55.Bf4 Be1 56.Bc8 Bxb4 57.Bxa6 Bxc5+ 58.Ke2 Bh3
59.Kf3 Be6 60.Bd2 h3 61.Bf4 Bb4 62.Kg3 Bxa5 63.Kh2 Kb6 64.Bc7+
Kxa6 0-1

[Event "Karel Opocensky Memorial (13. Prague Festival)"]
[Site "Praha"]
[Date "2017.07.04"]
[Round "4.1"]
[White "Hrabusa, Matej"]
[Black "Plat, Vojtech"]
[Result "1-0"]
[WhiteElo "2335"]
[BlackElo "2531"]
[Annotator ""]
[Source ""]
[Remark ""]

1.c4 e5 2.Nc3 Nf6 3.Nf3 Nc6 4.d4 exd4 5.Nxd4 Bc5 6.Nxc6 bxc6
7.g3 d5 8.Bg2 O-O 9.O-O Be6 10.Qa4 Bd7 11.Bg5 d4 12.Ne4 Be7 13.Nxf6+
Bxf6 14.Bxf6 Qxf6 15.Rad1 Rfd8 16.c5 Bg4 17.Qxc6 Be6 18.Qxc7
Rac8 19.Qxa7 Qe5 20.c6 Bc4 21.Rfe1 Bb5 22.Qa5 f6 23.Rc1 Re8 24.c7
Re7 25.a4 Be8 26.Qxe5 fxe5 27.a5 e4 28.Rc5 Bg6 29.Rec1 d3 30.Bh3 1-0

[Event "Karel Opocensky Memorial (13. Prague Festival)"]
[Site "Praha"]
[Date "2017.07.04"]
[Round "4.2"]
[White "Sharashenidze, Akaki"]
[Black "Havelka, Josef"]
[Result "0-1"]
[WhiteElo "2363"]
[BlackElo "2326"]
[Annotator ""]
[Source ""]
[Remark ""]

1.Nf3 c5 2.e4 d6 3.Bb5+ Bd7 4.Bxd7+ Qxd7 5.c4 Nf6 6.Nc3 g6 7.O-O
Bg7 8.d4 cxd4 9.Nxd4 O-O 10.f3 Nc6 11.Nde2 a6 12.a4 Qc7 13.Be3
e6 14.Rc1 Na5 15.b3 Nd7 16.Bf2 Nc6 17.Bg3 Nce5 18.Qc2 Qb6+ 19.Kh1
Nc5 20.Rb1 Ncd3 21.Na2 Nb4 22.Nxb4 Qxb4 23.Nc1 Qc5 24.Nd3 Nxd3
25.Qxd3 Rfd8 26.Rbd1 Bf8 27.Bh4 Rdc8 28.Bf2 Qa5 29.Bg3 Rc6 30.f4
f5 31.Rfe1 Kf7 32.Bf2 Re8 33.exf5 Qxf5 34.Qf3 h5 35.h3 Bh6 36.Rd4
Bg7 37.Rde4 d5 38.cxd5 Qxd5 39.f5 gxf5 40.Qxh5+ Kf8 41.Rf4 Rec8
42.Rf1 Rc2 43.Qg6 R8c3 44.Kg1 Be5 45.Qh6+ Ke7 46.Rh4 Rg3 0-1

[Event "Karel Opocensky Memorial (13. Prague Festival)"]
[Site "Praha"]
[Date "2017.07.04"]
[Round "4.3"]
[White "Frolov, Artur"]
[Black "Teh Eu Wen, Aron"]
[Result "1/2-1/2"]
[WhiteElo "2410"]
[BlackElo "2276"]
[Annotator ""]
[Source ""]
[Remark ""]

1.e4 e5 2.Nf3 Nc6 3.Bb5 Nf6 4.O-O Nxe4 5.Re1 Nd6 6.Nxe5 Be7 7.Nxc6
dxc6 8.Bf1 O-O 9.Nc3 Bf6 10.d3 Re8 11.Rxe8+ Qxe8 12.Bf4 Be5 13.Bxe5
Qxe5 14.Qe1 Qxe1 15.Rxe1 Bf5 16.g3 Kf8 17.Bg2 Re8 18.Kf1 Rxe1+
19.Kxe1 a5 20.Kd2 Ke7 21.a3 c5 22.Nd5+ Kd8 23.Ne3 Bc8 24.h4 b6
25.Bc6 h6 26.Nd5 Nf5 27.Nf4 g5 28.hxg5 hxg5 29.Ng2 Ke7 30.Be4
Nd6 31.Ne3 Be6 32.Bd5 Bd7 33.Bf3 Be6 34.Bg4 Bxg4 35.Nxg4 Ke6
36.a4 Nf5 37.c3 Nd6 38.Ne3 Ne8 39.Ke2 f5 40.g4 f4 41.Nc4 Nd6
42.Nd2 Kf6 43.b3 Ke6 44.Nf3 Kf6 45.c4 Nf7 46.d4 cxd4 47.Nxd4
Ne5 48.f3 c5 49.Nb5 Nc6 50.Kd3 Ke5 51.Kc3 Kf6 52.Nd6 Nd4 53.Ne4+
Kg6 54.Nd2 Kf6 55.Ne4+ Kg6 56.Nd2 1/2-1/2

[Event "Karel Opocensky Memorial (13. Prague Festival)"]
[Site "Praha"]
[Date "2017.07.04"]
[Round "4.4"]
[White "Tymrakiewicz, Rafal"]
[Black "Rous, Daniel"]
[Result "1/2-1/2"]
[WhiteElo "2256"]
[BlackElo "2220"]
[Annotator ""]
[Source ""]
[Remark ""]

1.Nf3 c5 2.g3 d5 3.Bg2 Nf6 4.O-O Nc6 5.d4 e6 6.c4 dxc4 7.dxc5
Qxd1 8.Rxd1 Bxc5 9.Nbd2 c3 10.bxc3 Bd7 11.Rb1 O-O-O 12.Nb3 Bb6
13.Ng5 Be8 14.Rxd8+ Nxd8 15.c4 h6 16.c5 Bc7 17.Nf3 Nd5 18.Bb2
f6 19.Nfd4 Ne7 20.Bh3 Bd7 21.Rd1 Re8 22.e3 a6 23.Nc2 Nec6 24.Bc3
Re7 25.Na3 e5 26.Rxd7 Rxd7 27.Nc4 g6 28.Bxd7+ Kxd7 29.f3 Ne6
30.Kf2 Ne7 31.Ba5 Bb8 32.a4 Ba7 33.Bb6 Bxb6 34.cxb6 Nd5 35.Ke1
Nc3 36.a5 Kc6 37.Kd2 Na4 38.Na3 Nac5 39.Nc1 e4 40.f4 h5 41.Kc3
Kd5 42.Nc2 Na4+ 43.Kb4 Nb2 44.Kc3 Na4+ 45.Kb4 Nb2 46.Kc3 Na4+
47.Kb4 Nb2 1/2-1/2

[Event "Karel Opocensky Memorial (13. Prague Festival)"]
[Site "Praha"]
[Date "2017.07.04"]
[Round "4.5"]
[White "Plischki, Sebastian"]
[Black "Londyn, Radek"]
[Result "0-1"]
[WhiteElo "2376"]
[BlackElo "2431"]
[Annotator ""]
[Source ""]
[Remark ""]

1.Nf3 d5 2.g3 Nc6 3.Bg2 e5 4.d3 f5 5.O-O Nf6 6.c4 dxc4 7.Qa4
Bd6 8.Qxc4 Qe7 9.Nc3 a6 10.Bg5 Be6 11.Qa4 O-O 12.Nd2 Qe8 13.Bxf6
Rxf6 14.Rac1 g5 15.Rfe1 Kh8 16.a3 Rh6 17.e3 Qh5 18.Nf1 f4 19.exf4
gxf4 20.Bxc6 bxc6 21.Qxc6 Rf8 22.Ne4 Bh3 23.Ned2 fxg3 24.fxg3
Qf5 25.Ne4 Qf3 26.Qc2 Rhf6 0-1

[Event "Karel Opocensky Memorial (13. Prague Festival)"]
[Site "Praha"]
[Date "2017.07.05"]
[Round "5.1"]
[White "Londyn, Radek"]
[Black "Hrabusa, Matej"]
[Result "1/2-1/2"]
[WhiteElo "2431"]
[BlackElo "2335"]
[Annotator ""]
[Source ""]
[Remark ""]

1.e4 c5 2.Nf3 d6 3.d4 cxd4 4.Nxd4 Nf6 5.Nc3 a6 6.h4 Qb6 7.Nb3
Nc6 8.Be3 Qc7 9.Be2 e6 10.a4 b6 11.h5 h6 12.f4 Bb7 13.Bf3 Nb4
14.a5 b5 15.Bb6 Qc4 16.Nd2 Qc8 17.O-O Be7 18.Ne2 d5 19.e5 Ne4
20.Nd4 O-O 21.N2b3 Bd8 22.Bxd8 Rxd8 23.c3 Nc6 24.Bxe4 dxe4 25.Qg4
Nxd4 26.Nxd4 Qc5 27.Rae1 b4 28.Re3 Kh8 29.Rg3 Rg8 30.f5 Qxe5
31.fxe6 fxe6 32.Rf7 bxc3 33.bxc3 Rab8 34.Ne2 e3 35.Qf4 Qxf4 36.Nxf4
Be4 37.Rxe3 e5 38.Rxe4 exf4 39.Ra7 f3 40.Rxa6 Rb2 41.gxf3 Rd8
42.Rd4 Re8 43.Kf1 Rh2 44.Rg6 Ree2 45.Rd8+ Kh7 46.Rd7 Kh8 47.Rdxg7
Re1+ 1/2-1/2

[Event "Karel Opocensky Memorial (13. Prague Festival)"]
[Site "Praha"]
[Date "2017.07.05"]
[Round "5.2"]
[White "Rous, Daniel"]
[Black "Plischki, Sebastian"]
[Result "1/2-1/2"]
[WhiteElo "2220"]
[BlackElo "2376"]
[Annotator ""]
[Source ""]
[Remark ""]

1.d4 e6 2.c4 c5 3.d5 exd5 4.cxd5 d6 5.Nc3 g6 6.e4 Bg7 7.Nf3 a6
8.a4 Bg4 9.Be2 Bxf3 10.Bxf3 Nd7 11.O-O Ngf6 12.Bf4 Qe7 13.Qd2
O-O 14.Rfe1 Rab8 15.a5 h5 16.h3 Rfc8 17.Be2 Ne8 18.Bh2 Nc7 19.f4
Bd4+ 20.Kh1 b6 21.e5 dxe5 22.Bc4 bxa5 23.d6 Qxd6 24.fxe5 Nxe5
25.Qg5 Nxc4 26.Bxd6 Nxd6 27.Ne4 Nxe4 28.Rxe4 Re8 29.Rae1 Kg7
30.b3 Ne6 31.Qd5 Rb6 32.h4 Reb8 33.Rxe6 Rxe6 34.Rxe6 fxe6 35.Qxe6
Kh6 36.g3 Rb4 37.Qd5 a4 38.bxa4 Rxa4 39.Qg5+ Kh7 40.Qe7+ 1/2-1/2

[Event "Karel Opocensky Memorial (13. Prague Festival)"]
[Site "Praha"]
[Date "2017.07.05"]
[Round "5.3"]
[White "Teh Eu Wen, Aron"]
[Black "Tymrakiewicz, Rafal"]
[Result "1-0"]
[WhiteElo "2276"]
[BlackElo "2256"]
[Annotator ""]
[Source ""]
[Remark ""]

1.d4 d5 2.c4 Bf5 3.cxd5 Nf6 4.f3 Bxb1 5.Qa4+ c6 6.Rxb1 Qxd5 7.e4
Nxe4 8.Bc4 Qf5 9.fxe4 Qxe4+ 10.Ne2 e6 11.Qb3 b5 12.Bd3 Qxg2 13.Rg1
Qh3 14.Bf4 Nd7 15.Be4 Qh4+ 16.Qg3 Bb4+ 17.Kf2 Qxg3+ 18.Rxg3 Rc8
19.Rc1 O-O 20.Bh6 Nf6 21.Bf3 Ne8 22.Bxc6 g6 23.Bxf8 Kxf8 24.Bxe8
Rxe8 25.Rb3 Bd6 26.Rxb5 h5 27.h3 f5 28.Rb7 h4 29.Rxa7 e5 30.Rc6
Bb8 31.Rf6+ Kg8 32.Rxg6+ Kh8 33.Rh6+ Kg8 34.Rah7 1-0

[Event "Karel Opocensky Memorial (13. Prague Festival)"]
[Site "Praha"]
[Date "2017.07.05"]
[Round "5.4"]
[White "Havelka, Josef"]
[Black "Frolov, Artur"]
[Result "0-1"]
[WhiteElo "2326"]
[BlackElo "2410"]
[Annotator ""]
[Source ""]
[Remark ""]

1.e4 c5 2.Nf3 Nc6 3.d4 cxd4 4.Nxd4 e6 5.Nc3 d6 6.g4 a6 7.Be3
Nge7 8.Nb3 Ng6 9.Qd2 Nge5 10.Be2 b5 11.O-O-O Be7 12.f4 Nc4 13.Bxc4
bxc4 14.Nd4 Bd7 15.Nxc6 Bxc6 16.Qd4 O-O 17.Qxc4 Qd7 18.g5 a5
19.Kb1 Rfb8 20.Rd4 Bf8 21.Rg1 Qb7 22.Bc1 Ra6 23.b3 a4 24.f5 axb3
25.cxb3 d5 26.exd5 exd5 27.Nxd5 Ra4 28.Nf6+ Kh8 29.Qc3 Rxd4 30.Qxd4
gxf6 31.Bb2 Bg7 32.gxf6 Be4+ 33.Ka1 Bh6 34.Qf2 Ra8 35.Qg3 Bxf5
36.Bc1 Qe4 37.Bb2 Bg6 38.Re1 Qd5 39.Qc7 Bf8 40.Qc3 Rxa2+ 0-1

[Event "Karel Opocensky Memorial (13. Prague Festival)"]
[Site "Praha"]
[Date "2017.07.05"]
[Round "5.5"]
[White "Plat, Vojtech"]
[Black "Sharashenidze, Akaki"]
[Result "1-0"]
[WhiteElo "2531"]
[BlackElo "2363"]
[Annotator ""]
[Source ""]
[Remark ""]

1.d4 d5 2.c4 c6 3.Nc3 Nf6 4.cxd5 cxd5 5.Bf4 e6 6.e3 a6 7.Bd3
Be7 8.Nf3 O-O 9.Rc1 b5 10.Ne5 Bb7 11.a4 b4 12.Nb1 Qb6 13.Nd2
Rc8 14.Rxc8+ Bxc8 15.Bxh7+ Nxh7 16.Qh5 g6 17.Nxg6 Bf6 18.Ne5
Ra7 19.Ndf3 Nc6 20.Ng4 Qd8 21.O-O Bg7 22.Rc1 Bd7 23.Ng5 Nxg5
24.Bxg5 Ne7 25.Nf6+ Kf8 26.Qh7 Rc7 27.Rf1 Qc8 28.Nh5 1-0